003890000a220010900045001000021000002450068000213000053000897730022001429420008001649520090001729990017002621 aSchaper, Joachim10aThe temple treasury committee in the times of Nehemiah and Ezra aVol. 47, Num. 2 (Abril, 1997), Páginas 200-2060 tVetus Testamentum cANA 001040708HEMaFUSBCbFUSBCd2016-01-26l0o r2016-01-26 00:00:00w2016-01-26yANA c58097d58097